| 000 -LEADER |
| fixed length control field |
02401 a2200217 4500 |
| 008 - FIXED-LENGTH DATA ELEMENTS--GENERAL INFORMATION |
| fixed length control field |
230621b ||||| |||| 00| 0 eng d |
| 020 ## - INTERNATIONAL STANDARD BOOK NUMBER |
| International Standard Book Number |
9781398604438 |
| Terms of availability |
GBP39.99 |
| 041 0# - LANGUAGE CODE |
| Language code of text/sound track or separate title |
eng |
| 082 00 - DEWEY DECIMAL CLASSIFICATION NUMBER |
| Classification number |
658.5 |
| Item number |
G7611 |
| 100 ## - MAIN ENTRY--PERSONAL NAME |
| Personal name |
Grant, David B. |
| 245 ## - TITLE STATEMENT |
| Title |
Sustainable Logistics and Supply Chain Management : Principles and Practices for Sustainable Operations and Management / |
| 250 ## - EDITION STATEMENT |
| Edition statement |
3rd ed. |
| 260 ## - PUBLICATION, DISTRIBUTION, ETC. (IMPRINT) |
| Place of publication, distribution, etc |
London: |
| Name of publisher, distributor, etc |
Kogan Page Limited, |
| Date of publication, distribution, etc |
2023. |
| 300 ## - PHYSICAL DESCRIPTION |
| Extent |
xiii, 288 p. : |
| Other physical details |
ill. ; |
| Dimensions |
24 cm |
| 505 0# - FORMATTED CONTENTS NOTE |
| Formatted contents note |
Chapter - 00: Introduction;Chapter - 01: Logistics and supply chain management;Chapter - 02: Science of sustainability;Chapter - 03: Freight transport;Chapter - 04: Sustainable warehousing;Chapter - 05: Product design, cleaner production and packaging;Chapter - 06: Sustainable purchasing and procurement;Chapter - 07: Reverse logistics and recycling;Chapter - 08: Risk, resilience and corporate social responsibility;Chapter - 09: Sustainable logistics and supply chain management strategy |
| 520 ## - SUMMARY, ETC. |
| Summary, etc |
Our daily lives are permeated by the activities of logistics and supply chain, from food and clothing to doorstep deliveries. As these processes have the ability to significantly impact the natural environment, it has never been so important to develop and implement sustainable principles and practices.<br/><br/>Sustainable Logistics and Supply Chain Management is an essential textbook for undergraduate and postgraduate students for understanding sustainability as it pertains to logistics operations. This book covers the direct environmental impacts of logistics and supply chain processes, including emissions and waste, as well as how wider changes such as globalization need to be given similar considerations. Presenting different pathways to guide readers, case studies and supported by extensive research, this book provides all the support needed to understand and implement a sustainable approach.<br/><br/>Now in its third edition, Sustainable Logistics and Supply Chain Management is fully updated with the latest research and data including trends in logistics and supply chain management and new cases. Online resources include instructor manuals, lecturer slides and a complied list of figures and tables. |
| 650 #0 - SUBJECT ADDED ENTRY--TOPICAL TERM |
| Topical term or geographic name as entry element |
Business Logistics |
| 700 ## - ADDED ENTRY--PERSONAL NAME |
| 9 (RLIN) |
5515 |
| Personal name |
Trautrims, Alexander |
|
| 9 (RLIN) |
5516 |
| Personal name |
Wong, Chee Yew |
| 942 ## - ADDED ENTRY ELEMENTS (KOHA) |
| Source of classification or shelving scheme |
|
| Item type |
Books |